[Event "Czech Fed-ch opA"]
[Site "Hrdonov"]
[Date "2013.10.29"]
[Round "5"]
[White "Kaftan, Petr"]
[Black "Schaffer, Ondrej"]
[Result "1-0"]
[WhiteElo "1846"]
[BlackElo "1832"]
[PlyCount "69"]
[EventDate "2013.10.26"]
[EventType "swiss"]
[EventRounds "9"]
[EventCountry "CZE"]
[SourceTitle "EXT 2016"]
[Source "ChessBase"]
[SourceDate "2015.10.08"]
[SourceVersion "1"]
[SourceVersionDate "2015.10.08"]
[SourceQuality "1"]

1. d4 d5 2. Nf3 Nf6 3. Bg5 e6 4. e3 Be7 5. Bd3 0-0 6. Nbd2 Nbd7 7. 0-0 c5 8. c3 b6 9. Ne5 Nxe5 10. dxe5 Nd7 11. Bxe7 Qxe7 12. f4 f6 13. exf6 Nxf6 14. Nf3 Bb7 15. Qe1 c4 16. Bc2 Qc5 17. Ne5 Rad8 18. Qg3 Qb5 19. Rf2 Ne4 20. Qh3 Rf6 21. Ng4 Rg6 22. Raf1 e5 23. Bxe4 dxe4 24. f5 Rgd6 25. f6 Rf8 26. Qh5 Bc8 27. f7+ Kh8 28. Nxe5 a6 29. Rd2 Bg4 30. Qh4 Qxe5 31. Rxd6 Qxd6 32. Qxg4 Qe7 33. Qh5 g6 34. Qd5 Rd8 35. Qxd8+ 1-0

[Event "Litomysl op 14th"]
[Site "Litomysl"]
[Date "2012.12.28"]
[Round "3"]
[White "Schaffer, Ondrej"]
[Black "Csefalvay, Stefan"]
[Result "1-0"]
[WhiteElo "1748"]
[BlackElo "1912"]
[PlyCount "105"]
[EventDate "2012.12.26"]
[EventType "swiss"]
[EventRounds "9"]
[EventCountry "CZE"]
[SourceTitle "EXT 2014"]
[Source "ChessBase"]
[SourceDate "2013.11.20"]
[SourceVersion "1"]
[SourceVersionDate "2013.11.20"]
[SourceQuality "1"]

1. d4 Nf6 2. c4 e6 3. Nf3 Bb4+ 4. Bd2 c5 5. Bxb4 cxb4 6. e3 b6 7. Bd3 Bb7 8. Nbd2 0-0 9. 0-0 d5 10. Rc1 a5 11. cxd5 exd5 12. Ne5 Qd6 13. Qa4 Nfd7 14. Nxd7 Nxd7 15. Bb5 Nf6 16. Bc6 Qe7 17. Rc2 Rac8 18. Rfc1 Ba6 19. Bb5 Bb7 20. Nf3 Rxc2 21. Qxc2 Rb8 22. Ne5 g6 23. Qc7 Qxc7 24. Rxc7 Ba8 25. Nxf7 Rf8 26. Nh6+ Kh8 27. g4 Ne4 28. f4 Nd6 29. Bd3 Rc8 30. Nf7+ Kg8 31. Rxc8+ Nxc8 32. Ne5 Nd6 33. Nd7 b5 34. Nf6+ Kg7 35. Nd7 Nc4 36. Bxc4 dxc4 37. Kf2 a4 38. Nc5 c3 39. b3 Be4 40. Ke2 Bb1 41. bxa4 Bxa2 42. axb5 Bc4+ 43. Kd1 Bxb5 44. Kc2 Bc4 45. e4 Kf7 46. Nd7 Ba2 47. Ne5+ Ke6 48. Nc6 Bd5 49. exd5+ Kxd5 50. Nxb4+ Kxd4 51. Nd3 h6 52. h4 Ke4 53. Kxc3 1-0

[Event "Litomysl op 13th"]
[Site "Litomysl"]
[Date "2011.12.29"]
[Round "5"]
[White "Chladek, Vaclav"]
[Black "Schaffer, Ondrej"]
[Result "1-0"]
[WhiteElo "2035"]
[BlackElo "1736"]
[PlyCount "39"]
[EventDate "2011.12.26"]
[EventType "swiss"]
[EventRounds "9"]
[EventCountry "CZE"]
[SourceTitle "CBM 146 Extra"]
[Source "ChessBase"]
[SourceDate "2012.02.29"]
[SourceVersion "1"]
[SourceVersionDate "2012.02.29"]
[SourceQuality "1"]

1. e4 c6 2. d4 d5 3. exd5 cxd5 4. Bd3 Nc6 5. c3 Nf6 6. Bf4 Qb6 7. Qb3 Qxb3 8. axb3 a6 9. b4 Ra7 10. Nf3 Bd7 11. Nbd2 e6 12. 0-0 Be7 13. Ra2 Bxb4 14. cxb4 Nxb4 15. Ra3 Nxd3 16. Rxd3 Bb5 17. Rc3 Bxf1 18. Rc8+ Ke7 19. Rxh8 Bb5 20. Bb8 1-0